Výročná zpráva Štátneho dievčenského gymnázia v Trnave za školský rok ...

Bibliographic Details
Format: Serial
Language:Slovak
PhysicalDescription:zv.
Published: Trnava Štátne dievčenské gymnázium 1938-1950
Subjects:

MARC

LEADER 00000cas a2200000 a 4500
001 vtls001441044
003 SK-MaSNL
005 20260228160510.0
008 020918d19381950xo au 0 0b0slo
035 |a SNK000396225 
040 |a SNK  |b slo  |c SNK  |e AACR2 
041 0 |a slo 
043 |a e-xo--- 
044 |a xo  |c SK 
072 7 |a 373.5/.6  |x Stredné školy  |2 konspekt 
072 7 |a 37  |x Výchova a vzdelávanie  |2 konspekt 
080 |a 373.5  |2 2011 
080 |a (437.612)  |2 2011 
080 |a 050  |2 2011 
080 |a 27-47  |2 2011 
080 |a 37.018.56  |2 2011 
080 |a (047.1)  |2 2011 
245 0 0 |a Výročná zpráva Štátneho dievčenského gymnázia v Trnave za školský rok ... 
260 |a Trnava  |b Štátne dievčenské gymnázium  |c 1938-1950 
300 |a zv. 
310 |a 1x ročne 
362 0 |a 1 (1937/38)-13 (1949/50)  |z Bg. výročných správ škôl ... č. zázn. 365 
500 |a Súčasťou názvu je označenie roku 
500 |a Pred názvom poradové číslo správy 
500 |a Výročné správy za školské roky 1944/45-1945/46 vyšli spolu 
650 0 7 |a gymnáziá  |2 SNKPH  |9 16386 
650 0 7 |a cirkevné školy  |2 SNKPH  |9 4074 
651 7 |a Trnava (Slovensko)  |2 SNKPHgeo  |9 19407 
655 7 |a výročné správy  |2 SNKPH  |9 70580 
910 |a snk 
999 |c 2816  |d 4746 
952 |0 0  |1 0  |4 0  |7 0  |a SNK  |b SNK  |d 2002-09-18  |l 0  |o snkČSC 834/1-2/1944-1946  |p 17A0355777  |r 2005-01-02 00:00:00  |w 2026-02-21  |y PREZ 
952 |0 0  |1 0  |4 0  |7 0  |a SNK  |b SNK  |d 2002-09-18  |l 0  |o snkČSC 834/3/1946-1947  |p 17A0355775  |r 2005-01-02 00:00:00  |w 2026-02-21  |y PREZ 
952 |0 0  |1 0  |4 0  |7 0  |a SNK  |b SNK  |d 2002-09-18  |l 0  |o snkČSC 834/11/1947-1948  |p 17A0355032  |r 2005-01-02 00:00:00  |w 2026-02-21  |y PREZ 
952 |0 0  |1 0  |4 0  |7 0  |a SNK  |b SNK  |d 2002-09-18  |l 0  |o snkČSC 834/12/1948-1949  |p 17A0355745  |r 2005-01-02 00:00:00  |w 2026-02-21  |y PREZ 
952 |0 0  |1 0  |4 0  |7 0  |a SNK  |b SNK  |d 2002-09-18  |l 0  |o snkČSC 834/13/1949-1950  |p 17A0355744  |r 2005-01-02 00:00:00  |w 2026-02-21  |y PREZ